Lyrics erraten (#4) - Statistics

General Stats
  • This quiz has been taken 9 times
  • The average score is 173 of 296
Answer Stats
Answer % Correct
a
100%
be
100%
I
100%
in
100%
love
100%
love,
100%
my
100%
so
100%
the
100%
to
100%
To
100%
was
100%
when
100%
When
100%
you
100%
her
88%
just
88%
man
88%
No,
88%
no,
88%
no
88%
we
88%
We
88%
your
88%
and
75%
And
75%
are
75%
for
75%
girl,
75%
hand,
75%
have
75%
me
75%
on
75%
She
75%
she
75%
were
75%
will
75%
with
75%
all
63%
fell
63%
hold
63%
is
63%
it
63%
it,
63%
look
63%
never
63%
of
63%
Oh,
63%
oh
63%
right
63%
see
63%
see,
63%
Though
63%
time
63%
what
63%
arms
50%
Baby,
50%
baby,
50%
beautiful
50%
between
50%
darling,
50%
"Darling,
50%
Darling,
50%
eyes,
50%
eyes
50%
found
50%
future
50%
heart
50%
knew
50%
not
50%
now
50%
our
50%
tonight"
50%
tonight
50%
woman,
50%
breath
38%
dark
38%
dreams,
38%
follow
38%
give
38%
kids
38%
kids,
38%
know
38%
knowin
38%
lead
38%
looks
38%
mine
38%
more
38%
perfect
38%
sweet
38%
than
38%
this
38%
this,
38%
against
25%
Angel
25%
anyone
25%
But
25%
but
25%
carry
25%
dive
25%
dress,
25%
favourite
25%
heard
25%
holding
25%
home
25%
kiss
25%
looked
25%
met
25%
odds
25%
own
25%
saw
25%
someone
25%
song
25%
that
25%
Well,
25%
while
25%
alright
13%
Barefoot
13%
children
13%
deserve
13%
faith
13%
grass
13%
hope
13%
I´m
13%
mess,
13%
said
13%
secrets
13%
share
13%
shares
13%
someday,
13%
still
13%
stronger
13%
underneath
13%
up
13%
whispered
13%
you´re
13%
´Cause
0%
dancin´
0%
don´t
0%
fightin´
0%
I´ll
0%
lintenin´
0%
listenin´
0%
lookin´
0%
Mm,
0%
peferct
0%
person,
0%
prefect
0%
slow,
0%
waitin´
0%
we´ll
0%
we´re
0%
´what
0%
No matching quizzes found
Score Distribution
Percent of People with Each Score
Percentile by Number Answered
Your Score History
You have not taken this quiz